003860000a2200085000450024501390000004100130013970000240015210000190017677301050019510aDiscovery of Oscaecilia polyzona (Amphibia: Gymnophiona: Caeciliaidae) in the middle Magdalena with notes on its abundance and habitat0 aInglés1 aAcosta, Andrés R.1 aLynch, John D.1 tRevista de la Academia Colombiana de Ciencias Exactas, Físicas y Naturalesh109q585-589d2004g28